Legume genomics: Methods and protocols (Record no. 166365)

MARC details
000 -LEADER
fixed length control field 00370nam a2200145Ia 4500
008 - FIXED-LENGTH DATA ELEMENTS--GENERAL INFORMATION
fixed length control field 230917s9999||||xx |||||||||||||| ||und||
040 ## - CATALOGING SOURCE
-- 214533
Original cataloging agency VIVEKANANDA LIBRARY
041 ## - Language
-- English
082 ## - DDC NUMBER
Classification number 583.74 R72L
100 ## - MAIN ENTRY--PERSONAL NAME
Personal name Rose, Ray J, ed.
245 #0 - TITLE STATEMENT
Title Legume genomics: Methods and protocols
260 ## - PUBLICATION, DISTRIBUTION, ETC. (IMPRINT)
Place of publication, distribution, etc New York
Name of publisher, distributor, etc Humana Press
Date of publication, distribution, etc 2013
300 ## - PHYSICAL DESCRIPTION
Pages xi, 316 p.
942 ## - ADDED ENTRY ELEMENTS (KOHA)
Koha item type Books
Holdings
Withdrawn status Lost status Damaged status Not for loan Location (home branch) Sublocation or collection (holding branch) Date acquired Koha issues (times borrowed) Koha full call number Accession No. Koha date last seen Koha item type Shelving location
        VIVEKANANDA LIBRARY VIVEKANANDA LIBRARY 16/02/2015 1 583.74 R72L 309698 26/02/2026 Books  
        VIVEKANANDA LIBRARY VIVEKANANDA LIBRARY 16/02/2015   583.74 R72L 329735 17/09/2023 Books  
        VIVEKANANDA LIBRARY VIVEKANANDA LIBRARY 16/02/2015   583.74 R72L 339653 17/09/2023 Books UIET Library
© Designed and Maintained by Vivekananda Library, MDU Rohtak